Finite Mathematics (Record no. 2595)

MARC details
005 - DATE AND TIME OF LATEST TRANSACTION
control field 20250524084236.0
020 ## - INTERNATIONAL STANDARD BOOK NUMBER
International Standard Book Number 0-07-039763-5
082 ## - DEWEY DECIMAL CLASSIFICATION NUMBER
Classification number LECT 510 MAK
100 ## - MAIN ENTRY--PERSONAL NAME
Author name MAKI, D. P.
245 ## - TITLE STATEMENT
Title Finite Mathematics
250 ## - EDITION STATEMENT
Edition statement 4th Ed.
260 ## - PUBLICATION, DISTRIBUTION, ETC.
Place of publication, distribution, etc. New York,
Name of publisher, distributor, etc. McGraw-Hill,
Date of publication, distribution, etc. 1996.
300 ## - PHYSICAL DESCRIPTION
Extent xvi, 652p.: ill.; figure, table.
Other physical details Glossary & Index.
Dimensions 24cm.
700 ## - ADDED ENTRY--PERSONAL NAME
Other authors/Editors THOMPSON, M.
942 ## - ADDED ENTRY ELEMENTS (KOHA)
Source of classification or shelving scheme Dewey Decimal Classification
Koha item type Books
Holdings
Date last seen Total checkouts Full call number Barcode Cost, replacement price Price effective from Koha item type Lost status Source of classification or shelving scheme Damaged status Not for loan Withdrawn status Home library Current library Shelving location Date acquired Cost, normal purchase price
05/24/2025   LECT 510 MAK 0000009746 120000.00 05/24/2025 Books   Dewey Decimal Classification       College of Business Education Main Library College of Business Education Main Library General Collection 05/28/2010 40000.00
05/24/2025   LECT 510 MAK 0000009747 120000.00 05/24/2025 Books   Dewey Decimal Classification       College of Business Education Main Library College of Business Education Main Library General Collection 05/28/2010 40000.00